[Event "EU-chT (Men)"]
[Site "Debrecen"]
[Date "1992.??.??"]
[Round "7"]
[White "Bryson, Douglas M"]
[Black "Gostisa, Leon"]
[Result "1/2-1/2"]
[WhiteElo "2335"]
[BlackElo "2430"]

1.e4 c5 2.Nf3 e6 3.d4 cxd4 4.Nxd4 Nc6 5.Nc3 Qc7 6.f4 a6 7.Nxc6 Qxc6 8.Be2 b5
9.Bf3 Bb7 10.O-O Rc8 11.Kh1 Bc5 12.e5 Qc7 13.f5 exf5 14.Bxb7 Qxb7 15.Rxf5 Ne7
16.Rf1 b4 17.Ne2 Ng6 18.Ng3 O-O 19.Nh5 Rfe8 20.Bf4 Bf8 21.Bg3 Nxe5 22.Bxe5 Rxe5
23.Qg4 Re6 24.Rf3 Rg6 25.Qf5 f6 26.Nf4 Rg5 27.Qd3 Qb5 28.Qd2 Rgc5 29.c3 bxc3
30.bxc3 Qc6 31.Rd1 Rb8 32.h3 Rb6 33.Nd5 Rbb5 34.Rd3 Qb7 35.a4 Rb1 36.Nxf6+ Kh8
37.Nxd7 Rf5 38.Qe2 Rb2 39.R3d2 Rxd2 40.Rxd2 h6 41.Qd3 Rf4 42.Ne5 Kg8 43.c4 Bb4
44.Rd1 Qe4 45.Qd8+ Kh7 46.Qd5 Qxd5 47.cxd5 Bd6 48.g3 Rxa4 49.Nf7 Bxg3 50.d6 Bh4
51.d7 Ra3 52.Kg2 Ra2+ 53.Kf3 Ra3+ 54.Kg4 Ra4+ 55.Kf3 Ra3+ 56.Kg4 Ra4+ 57.Kf5 Ra3
58.Rd4 Bf6 59.Rd6 Bh4 60.Rd4 Bf6 61.h4 Ra5+ 62.Ke6 Ra1 63.d8=Q Bxd8 64.Nxd8 Re1+
65.Kf7 Rf1+ 66.Ke7 Kg6 67.Ne6 Rf7+ 68.Kd6 Kh5 69.Ke5 g5 70.hxg5  1/2-1/2

[Event "EU-chT (Women)"]
[Site "Debrecen"]
[Date "1992.??.??"]
[Round "7"]
[White "Erenska Radzewska, Hanna"]
[Black "Fomina, Tatyana"]
[Result "1-0"]
[WhiteElo "2310"]
[BlackElo "2250"]

1.e4 c5 2.Nf3 e6 3.d4 cxd4 4.Nxd4 Nc6 5.Nc3 Qc7 6.Be2 Nf6 7.O-O Be7 8.Be3 O-O
9.f4 d6 10.Kh1 Bd7 11.Qe1 Nxd4 12.Bxd4 Bc6 13.Bd3 e5 14.fxe5 dxe5 15.Qg3 Nd7
16.Be3 Kh8 17.Rf5 g6 18.Bh6 Bf6 19.Bxf8 gxf5 20.Ba3 Rg8 21.Qh3 Rg5 22.Rf1 f4
23.Nd5 Qd8 24.Nb4 Kg7 25.Nxc6 bxc6 26.Be2 Nf8 27.Qd3 Qb6 28.Rf3 Ng6 29.Qb3 Qd4
30.Qc4 Qd2 31.Qd3 Qa5 32.Qc3 Qa4 33.Qc4 Qa5 34.Qb4 Qc7 35.Qd6 Qa5 36.Qb4 Qc7
37.Qe1 Be7 38.Bxe7 Qxe7 39.Qc3 Nh4 40.Rf2 Qd6 41.b4 f5 42.exf5 Qd5 43.Qd3 Nxf5
44.Bf3 Qxd3 45.cxd3 Nd4 46.Be4 h5 47.Rf1 h4 48.Rc1 h3 49.gxh3 Kf6 50.Bxc6 Nxc6
51.Rxc6+ Kf5 52.Rc8 Rg6 53.Rf8+ Ke6 54.h4 Ke7 55.Rf5 Ke6 56.Rg5 Rh6 57.h5 Kd5
58.Kg2 Rc6 59.Kf3 Rc2 60.Rg2 Rc1 61.Kg4 Kd4 62.h6 Rc8 63.Kf3 Rh8 64.Rg6 Kxd3
65.Rd6+ Kc4 66.a3 Kb3 67.Ra6 Rh7 68.h4 Rf7 69.Re6 Rf5 70.h7 Rh5 71.Re7 Rxh4
72.Rxa7 Kc4 73.Ke4 Kb5 74.Rb7+ Kc6 75.Re7 Rh3 76.Re6+ Kb7 77.Rxe5 Rxh7 78.Kxf4 Rh4+
79.Kf5 Rh3 80.a4 Kc6 81.b5+ Kb6 82.Re6+ Kc5 83.Rc6+ Kb4 84.Ra6 Kc5 85.b6 Kc6
86.a5 Kb7 87.Ra7+ Kb8 88.Ke4 Rc3 89.Kd5 Rc1 90.Kd6 Rc2 91.Re7 Rc1 92.a6 Rd1+
93.Kc5 Rc1+ 94.Kd4 Rd1+ 95.Kc3 Rd8 96.Kc4 Rh8 97.Re6 Kc8 98.Rc6+ Kb8 99.Kb5 Ka8
100.Rc5 Rb8 101.b7+ Ka7 102.Rc8  1-0

[Event "DEN-chB"]
[Site "?"]
[Date "1992.??.??"]
[Round "7"]
[White "Nielsen, Uffe V"]
[Black "Aagaard, Jacob"]
[Result "1/2-1/2"]
[WhiteElo "2335"]
[BlackElo "2250"]

1.e4 c5 2.Nc3 Nc6 3.Nge2 e6 4.d4 cxd4 5.Nxd4 Nf6 6.Ndb5 d6 7.Bf4 e5 8.Be3 a6
9.Na3 Ng4 10.Nc4 b5 11.Bb6 Qd7 12.Nd5 bxc4 13.Nc7+ Ke7 14.Nd5+ Ke8 15.Nc7+ Ke7
16.Nd5+  1/2-1/2

[Event "Doha op"]
[Site "Doha"]
[Date "1992.??.??"]
[Round "4"]
[White "Tilak, Sharad S"]
[Black "Al Khateeb, Ahmed"]
[Result "0-1"]
[WhiteElo "2315"]
[BlackElo "2250"]

1.e4 c5 2.Nf3 e6 3.d4 cxd4 4.Nxd4 Nc6 5.Nc3 Qc7 6.Be2 a6 7.O-O Nf6 8.Be3 Bb4
9.Na4 O-O 10.Nxc6 bxc6 11.Nb6 Rb8 12.Nxc8 Rfxc8 13.Bxa6 Rf8 14.Bd3 Bd6 15.Kh1 Be5
16.c3 Rxb2 17.f4 Bxc3 18.Rc1 Qa5 19.Bb1 d5 20.e5 Rxb1 21.Rxb1 Ne4 22.f5 exf5
23.Rxf5 g6 24.Qg4 Qxa2 25.Rbf1 Qc4 26.h3 Bxe5  0-1

[Event "Doha op"]
[Site "Doha"]
[Date "1992.??.??"]
[Round "5"]
[White "Hamid, Mansour Kadi"]
[Black "Al Modiahki, Mohamad"]
[Result "0-1"]
[WhiteElo "2295"]
[BlackElo "2295"]

1.e4 c5 2.Nf3 e6 3.d4 cxd4 4.Nxd4 Nc6 5.Nc3 Qc7 6.g3 a6 7.Bg2 d6 8.O-O Bd7
9.a4 Nf6 10.Nb3 Be7 11.f4 O-O 12.Kh1 Nb4 13.g4 h6 14.Qe2 Rac8 15.Bf3 Qc4
16.Rf2 Rfe8 17.Qd1 Qc7 18.Be3 d5 19.e5 Ne4 20.Nxe4 dxe4 21.Bxe4 Bc6 22.Qf3 Nxc2
23.Rc1 Nxe3 24.Bxc6 bxc6 25.Qxe3 c5 26.Nd2 Qb7+ 27.Ne4 Red8 28.Qf3 Qc6 29.b3 Rd4
30.Re2 Qd5 31.Kg2 Rb8 32.Re3 Rbb4 33.Rce1 c4 34.bxc4 Rbxc4 35.f5 Bh4 36.R1e2 Bg5
37.Nxg5 Rxg4+ 38.Kf1 Rgf4 39.Ne4 Rxf3+  0-1

[Event "Dortmund op-A"]
[Site "Dortmund"]
[Date "1992.??.??"]
[Round "2"]
[White "Gikas, Basilius"]
[Black "Thiel, Thomas"]
[Result "0-1"]
[WhiteElo "2205"]
[BlackElo "2295"]

1.e4 c5 2.Nf3 e6 3.Nc3 Nc6 4.d4 cxd4 5.Nxd4 Nf6 6.Ndb5 d6 7.Bf4 e5 8.Bg5 a6
9.Bxf6 gxf6 10.Na3 d5 11.Nxd5 Bxa3 12.bxa3 Be6 13.g3 Nd4 14.Bg2 Qa5+ 15.Qd2 Nxc2+
16.Kd1 Qxd2+ 17.Kxd2 Nxa1 18.Nc7+ Ke7 19.Nxa8 Rxa8 20.Rxa1 Rc8 21.Rb1 b5
22.Bf1 Bxa2 23.Rb4 Rd8+ 24.Kc2 Rd4 25.Kc3 Rd1 26.Bd3 Rh1 27.h4 Rh2 28.Rb2 Be6
29.Kb4 Rh1 30.a4 bxa4 31.Kxa4 Ra1+ 32.Kb4 a5+ 33.Kc3 a4 34.Rb7+ Kd6 35.Ra7 a3
36.Bc2 a2 37.Bb3 Rc1+ 38.Kb2  0-1

[Event "Dortmund op-A"]
[Site "Dortmund"]
[Date "1992.??.??"]
[Round "3"]
[White "Unzicker, Wolfgang"]
[Black "Kersten, Uwe"]
[Result "1/2-1/2"]
[WhiteElo "2450"]
[BlackElo "2325"]

1.e4 c5 2.Nf3 e6 3.d4 cxd4 4.Nxd4 Nc6 5.Nc3 Qc7 6.f4 a6 7.Be2 b5 8.Nxc6 Qxc6
9.Bf3 Bb7 10.Be3 Rc8 11.O-O Bc5 12.Bxc5 Qxc5+ 13.Kh1 b4 14.e5 bxc3 15.Bxb7 Rb8
16.b4 Qb6 17.Be4 f5 18.Bf3 Nh6 19.a3 Ke7 20.Qe1 Rhc8 21.Rd1 Rc7 22.Rd6 Qb5
23.Rd3 a5 24.Be2 Qb6 25.Qh4+ Kf8 26.Rfd1 Qa7 27.bxa5 Re8 28.h3 Re7 29.a6 Nf7
30.Qxh7 Qf2 31.Bh5 Qxf4 32.a7 Rxa7 33.Rxc3 Ra8 34.Rc7 Rd8 35.Bxf7 Kxf7 36.Qh5+ Kg8
37.Qe2 Kf8 38.c4 g5 39.c5 g4 40.Rd3 Rh7 41.c6 gxh3 42.gxh3 Qc4 43.Qf3 Qc1+
44.Qd1 Qc4  1/2-1/2

[Event "Dortmund op-A"]
[Site "Dortmund"]
[Date "1992.??.??"]
[Round "6"]
[White "Galdunts, Sergey"]
[Black "Ibragimov, Ildar"]
[Result "0-1"]
[WhiteElo "2465"]
[BlackElo "2515"]

1.e4 c5 2.Nc3 e6 3.Nge2 Nc6 4.d4 cxd4 5.Nxd4 Qc7 6.g3 a6 7.Bg2 Nge7 8.Nde2 d6
9.a4 b6 10.O-O Bb7 11.b3 Ng6 12.f4 Be7 13.Be3 O-O 14.Qd2 Rfe8 15.Rac1 Nf8
16.g4 Rad8 17.a5 bxa5 18.Na4 Nd7 19.Nec3 Nb4 20.g5 d5 21.f5 dxe4 22.Qf2 Nd5
23.fxe6 fxe6 24.Qf7+ Kh8 25.Nxd5 Bxd5 26.Qh5 Ne5 27.Bb6 Qb7 28.Bd4 Ng6 29.Bxg7+ Kg8
30.Bd4 Rf8 31.c4 Bc6 32.Bc3 Rf5 33.Rxf5 exf5 34.Bh3 Qa7+ 35.c5 Bxc5+ 36.Kf1 Bb5+
37.Kg2 Nf4+  0-1

[Event "Dortmund op-A"]
[Site "Dortmund"]
[Date "1992.??.??"]
[Round "10"]
[White "Kummerow, Heiko"]
[Black "Doering, Thomas"]
[Result "1-0"]
[WhiteElo "2240"]
[BlackElo "2325"]

1.e4 c5 2.Nf3 e6 3.d4 cxd4 4.Nxd4 Nc6 5.Nc3 a6 6.Be2 Qc7 7.O-O Nf6 8.Be3 Bb4
9.Na4 O-O 10.Nxc6 bxc6 11.Qd4 Bd6 12.g3 Rb8 13.Qd3 Nxe4 14.Rad1 f5 15.f3 Bxg3
16.fxe4 Bxh2+ 17.Kh1 Rb4 18.Bc5 Rxa4 19.Bxf8 Rxe4 20.Be7 d5 21.Bc5 Rh4 22.Kg2 e5
23.Rxf5 Bxf5 24.Qxf5 h6 25.Bh5 Bf4 26.Qf8+ Kh7 27.Bf7 Rg4+ 28.Kf3 Rg3+ 29.Kf2  1-0

[Event "Dubai Asian Cities"]
[Site "Dubai"]
[Date "1992.??.??"]
[Round "9"]
[White "Barua, Dibyendu"]
[Black "Al Modiahki, Mohamad"]
[Result "1-0"]
[WhiteElo "2550"]
[BlackElo "2295"]

1.e4 c5 2.Nf3 e6 3.d4 cxd4 4.Nxd4 Nc6 5.Nc3 Qc7 6.Be2 a6 7.O-O Nf6 8.a3 Nxd4
9.Qxd4 Bc5 10.Qd3 O-O 11.Kh1 Be7 12.f4 d6 13.g4 b5 14.g5 Nd7 15.Qg3 Bb7 16.Bf3 a5
17.Qg2 b4 18.Nd1 Rfc8 19.Ne3 Nc5 20.Bd2 b3 21.Bc3 bxc2 22.Ng4 Na4 23.Nf6+ Bxf6
24.gxf6 g6 25.Bd4 Qd7 26.Rac1 Rc4 27.Bg1 Nc5 28.Rxc2 Rxc2 29.Qxc2 Rc8 30.e5 Bxf3+
31.Rxf3 dxe5 32.Rc3 Qd5+ 33.Qg2 e4 34.b4  1-0

[Event "Wch U18"]
[Site "Duisburg"]
[Date "1992.??.??"]
[Round "3"]
[White "Schweda, Roland"]
[Black "Al Modiahki, Mohamad"]
[Result "0-1"]
[WhiteElo "2235"]
[BlackElo "2295"]

1.e4 c5 2.Nf3 e6 3.d4 cxd4 4.Nxd4 Nc6 5.Nc3 Qc7 6.Be3 Nf6 7.Be2 a6 8.O-O Bb4
9.Na4 O-O 10.Nxc6 bxc6 11.Nb6 Rb8 12.Nxc8 Rfxc8 13.Bxa6 Rf8 14.Bd3 Bd6 15.h3 Be5
16.c3 Rxb2 17.Qc1 Qb7 18.Bc5 Ra8 19.a4 Rb3 20.Rb1 Rxb1 21.Qxb1 Qxb1 22.Rxb1 Bxc3
23.a5 Bxa5 24.Ra1 Ne8 25.Bb4 Bxb4 26.Rxa8 Kf8 27.e5 h6 28.Kf1 Ke7 29.Rc8 Bc3
30.f4 g5 31.g3 gxf4 32.gxf4 Bd2 33.f5 exf5 34.Bxf5 Bf4 35.Ra8 Bxe5 36.Ra7 Nc7
37.Rb7 c5 38.Bg4 d5 39.Bf3 Ke6 40.Bg4+ Ke7 41.Bf3 Ke6 42.Bg4+ Kf6 43.Rb6+ Kg5
44.Rc6 c4 45.Ke2 f6 46.Rc5 Kf4 47.Kd2 Ke4 48.Bd7 c3+ 49.Kc2 d4 50.Rc4 Ke3
51.Bf5 Nd5 52.Rc5 d3+ 53.Kc1 Nf4  0-1

[Event "Wch U18"]
[Site "Duisburg"]
[Date "1992.??.??"]
[Round "6"]
[White "Schweda, Roland"]
[Black "Fancsy, Imre"]
[Result "1/2-1/2"]
[WhiteElo "2235"]
[BlackElo "2335"]

1.e4 c5 2.Nf3 e6 3.d4 cxd4 4.Nxd4 Nc6 5.Nc3 Qc7 6.Be2 a6 7.O-O Nf6 8.Be3 Bb4
9.Nxc6 bxc6 10.Na4 O-O 11.Nb6 Rb8 12.Nxc8 Rfxc8 13.Bxa6 Rf8 14.Bd3 Bd6 15.h3 Be5
16.c3 Rxb2 17.Qc1 Qb7 18.f4 Bc7 19.Kh1 d5 20.e5 Nd7 21.Ba6 Qb8 22.c4 Rb4  1/2-1/2

[Event "Wch U18"]
[Site "Duisburg"]
[Date "1992.??.??"]
[Round "8"]
[White "Berzinsh, Roland"]
[Black "Al Modiahki, Mohamad"]
[Result "0-1"]
[WhiteElo "2390"]
[BlackElo "2295"]

1.e4 c5 2.Nf3 e6 3.d4 cxd4 4.Nxd4 Nc6 5.Nc3 Qc7 6.Be3 a6 7.Bd3 Nf6 8.O-O Ne5
9.Be2 b5 10.f4 Nc4 11.Bxc4 Qxc4 12.e5 Nd5 13.Nxd5 Qxd5 14.Qe2 Bb7 15.Nb3 Rc8
16.c3 Be7 17.Rad1 Qc4 18.Qf2 Bd5 19.Rd4 Qc6 20.f5 exf5 21.Qxf5 O-O 22.Rd2 Be6
23.Qc2 Qc7 24.Qe4 Qc6 25.Qf4 f6 26.Nd4 Qc4 27.Rdf2 fxe5 28.Qxe5 Qd5 29.Nf5 Bf6
30.Qg3 Kh8 31.Kh1 Rg8 32.Bd4 Bxd4 33.Nxd4 Qxa2 34.Nf3 Qd5 35.Ne5 d6 36.Nd3 Qc4
37.Nf4 Bf7 38.Nh3 Bg6 39.Rf4 Qe6 40.Ng5 Qe2 41.Re1 Qxb2 42.Rh4 Rge8 43.Rxh7+ Kg8
44.Rh3 Rxe1+ 45.Qxe1 Qb1 46.Qxb1 Bxb1 47.Re3 a5 48.h4 a4 49.Re7 Ra8 50.Re1 Bg6
51.Nf3 a3 52.Nd4 a2 53.Ra1 Bd3 54.Kg1 Bc4 55.Nc2 Bd3 56.Nd4 Ra3 57.Kf2 Bc4
58.Nf5 Rxc3 59.Nxd6 Rc2+ 60.Ke3 Be2 61.Nf5 Rb2 62.Nd4 Bc4  0-1

[Event "Eger Agria"]
[Site "Eger"]
[Date "1992.??.??"]
[Round "?"]
[White "Meszaros, Andras"]
[Black "Roesemann, Rainer"]
[Result "1-0"]
[WhiteElo "2320"]
[BlackElo "2230"]

1.e4 c5 2.Nf3 e6 3.d4 cxd4 4.Nxd4 Nc6 5.Nc3 a6 6.Be3 Qc7 7.Be2 Nf6 8.O-O Bb4
9.Bg5 Bxc3 10.Bxf6 gxf6 11.bxc3 Ne5 12.Qd2 b6 13.f4 Nc4 14.Qd3 Nb2 15.Qg3 Bb7
16.Qg7 O-O-O 17.Qxf6 Qxc3 18.Rab1 Rhg8 19.Rf3 Qd2 20.f5 e5 21.Qxe5 Rde8 22.Ne6 fxe6
23.Qc3+ Qxc3 24.Rxc3+ Kd8 25.f6 Bxe4 26.Bxa6 Bc6 27.Rxc6 dxc6 28.f7 Na4 29.Rd1+ Kc7
30.Bd3 Rgf8 31.fxe8=Q Rxe8 32.Bxh7 Nc3 33.Rf1 e5 34.h4 e4 35.Bg6 Rd8 36.h5 e3
37.Bd3 Rh8 38.Rf5 e2 39.Kf2 Re8 40.Ke1  1-0

[Event "Eger Agria"]
[Site "Eger"]
[Date "1992.??.??"]
[Round "?"]
[White "Borgstaedt, Michael"]
[Black "Roesemann, Rainer"]
[Result "1-0"]
[WhiteElo "2265"]
[BlackElo "2230"]

1.e4 c5 2.Nf3 e6 3.d4 cxd4 4.Nxd4 Nc6 5.Nc3 Qc7 6.Be3 a6 7.Be2 Nf6 8.f4 Bb4
9.Bf3 Na5 10.Qd3 Nc4 11.Bc1 d6 12.a3 Ba5 13.Ne2 Bd7 14.O-O Rc8 15.Kh1 b5
16.Rd1 O-O 17.b3 Bxc3 18.Qxc3 Na5 19.Qxc7 Rxc7 20.Rxd6 Rc6 21.Rxc6 Bxc6 22.Ng3 Nb7
23.Be3 Rc8 24.Rc1 Kf8 25.Kg1 h5 26.h4 Ng4 27.Bd4 g6 28.Bxg4 hxg4 29.f5 exf5
30.exf5 Bd5 31.fxg6 fxg6 32.Rf1+ Kg8 33.Rf2 Rf8 34.Re2 Nd6 35.Bc5 Rf6 36.Bxd6 Rxd6
37.Rd2 Rd7 38.Ne4  1-0

[Event "Eger Agria"]
[Site "Eger"]
[Date "1992.??.??"]
[Round "?"]
[White "Borgstaedt, Michael"]
[Black "Horvath, Tamas"]
[Result "0-1"]
[WhiteElo "2265"]
[BlackElo "2425"]

1.e4 c5 2.Nf3 e6 3.d4 cxd4 4.Nxd4 Nc6 5.Nc3 Qc7 6.Be3 a6 7.Be2 Nf6 8.f4 Bb4
9.Bf3 Na5 10.Qd3 Nc4 11.Bc1 e5 12.Ne2 exf4 13.Bxf4 d6 14.O-O-O Be6 15.Nd5 Bxd5
16.exd5 O-O 17.Nd4 Rac8 18.Kb1 Rfe8 19.Bg5 Nd7 20.Be4 g6 21.h4 Nxb2 22.Kxb2 Nc5
23.Qf3 Nxe4  0-1

[Event "Eger Agria"]
[Site "Eger"]
[Date "1992.??.??"]
[Round "?"]
[White "Horvath, Tamas"]
[Black "Ptaschinski, Dirk"]
[Result "1-0"]
[WhiteElo "2425"]
[BlackElo "2220"]

1.e4 c5 2.Nf3 Nc6 3.Nc3 e6 4.d4 cxd4 5.Nxd4 Nf6 6.Ndb5 d6 7.Bf4 e5 8.Bg5 a6
9.Na3 b5 10.Bxf6 gxf6 11.Nd5 f5 12.Bd3 Be6 13.Qh5 Rg8 14.g3 f4 15.gxf4 Bg4
16.Qxh7 Rg6 17.f5 Rh6 18.Qg8 Bf3 19.Rg1 Ne7 20.Nxe7 Qxe7 21.Qg3 Bh5 22.c3 d5
23.Nc2 O-O-O 24.Be2 dxe4 25.Ne3 Bxe2 26.Kxe2 Rd3 27.Qg4 Rh4 28.f6+ Qd7 29.Qxh4 Rxe3+
30.fxe3 Qd3+ 31.Kf2 Qd2+ 32.Kf1 Qd3+ 33.Kg2 Bc5 34.Rge1  1-0

[Event "Eger Agria"]
[Site "Eger"]
[Date "1992.??.??"]
[Round "?"]
[White "Almasi, Istvan"]
[Black "Horvath, Tamas"]
[Result "1/2-1/2"]
[WhiteElo "2430"]
[BlackElo "2425"]

1.e4 c5 2.Nf3 e6 3.Nc3 Nc6 4.d4 cxd4 5.Nxd4 Nf6 6.Nxc6 bxc6 7.e5 Nd5 8.Ne4 Qc7
9.f4 Qb6 10.c4 Ne3 11.Qd3 Nf5 12.g4 Nd4 13.Bg2 Bb7 14.Be3 Nc2+ 15.Kf2 Nxe3
16.Qxe3 c5 17.b3 Bxe4 18.Qxe4 Rd8 19.Rhd1 Be7 20.Rd3 O-O 21.Rh3 g6 22.Qe3 f6
23.f5 fxe5 24.Qh6 Rf7 25.Ke2 Bf8 26.Qg5 Be7 27.Qh6 Bf8 28.Qg5 Be7 29.Qh6 Bf8
30.Qh4 Be7  1/2-1/2

[Event "Espergaerde (Women)"]
[Site "Espergaerde"]
[Date "1992.??.??"]
[Round "?"]
[White "Hoiberg, Nina"]
[Black "Erenska Radzewska, Hanna"]
[Result "1/2-1/2"]
[WhiteElo "2235"]
[BlackElo "2275"]

1.e4 c5 2.Nf3 e6 3.d4 cxd4 4.Nxd4 Nc6 5.Nc3 Qc7 6.Be3 a6 7.a4 Nf6 8.Be2 Bb4
9.Nxc6 bxc6 10.O-O O-O 11.Bd3 d5 12.e5 Bxc3 13.bxc3 Qxe5 14.Bd4 Qh5 15.Be2 Qh4
16.g3 Qh3 17.a5 Nd7 18.Ra4 Qh6 19.c4 e5 20.Be3 Qe6 21.cxd5 cxd5 22.Bf3 Bb7
23.c4 e4 24.cxd5 Bxd5 25.Bg2 Nf6 26.Rb4 Bc4 27.Re1 Bd3 28.Bg5 Nd5 29.Bxe4 Nxb4
30.Bxa8 Qc4 31.Bg2 h6 32.Be7 Rb8 33.Bf1 Bxf1 34.Rxf1 Nd5 35.Re1 Qa2 36.Bd6 Rd8
37.Bc7 Rd7 38.Re8+ Kh7 39.Qd3+ g6 40.Qd4 f6 41.Rd8 Rxd8 42.Bxd8 Qb1+ 43.Kg2 Qb7
44.f3 Kg7 45.Bb6 h5 46.h4 Qc6 47.Qe4 Kf7 48.Qd4 Qc2+ 49.Kg1 Ke6 50.Bd8 Qe2
51.Qa4 Qxf3 52.Qe8+ Kd6 53.Qxg6 Kd7 54.Bb6 Nxb6 55.axb6 Kc6 56.Qe8+ Kxb6
57.Qb8+ Kc5 58.Qc7+ Kd4 59.Qd6+ Ke3 60.Qb6+ Kd2 61.Qb2+ Kd1 62.Qb1+  1/2-1/2

[Event "FIN-chT"]
[Site "FIN"]
[Date "1992.??.??"]
[Round "?"]
[White "Nokso Koivisto, Antti"]
[Black "Kanko, Ilkka"]
[Result "1/2-1/2"]
[WhiteElo "2330"]
[BlackElo "2280"]

1.e4 c5 2.Nf3 e6 3.d4 cxd4 4.Nxd4 Nc6 5.Nc3 a6 6.Be2 Qc7 7.O-O Nf6 8.Be3 Be7
9.f4 d6 10.Kh1 O-O 11.Qe1 Bd7 12.Qg3 g6 13.e5 Ne8 14.Rad1 Nxd4 15.Bxd4 Bc6
16.Bd3 Ng7 17.Qh3 f6 18.exd6 Bxd6 19.Qh4 Nh5 20.Be3 Rae8 21.Ne4 Be7 22.Qf2 b5
23.Ng3 Nxg3+  1/2-1/2

[Event "Finkenstein op"]
[Site "Finkenstein"]
[Date "1992.??.??"]
[Round "?"]
[White "Schaefer, Anke"]
[Black "Susnik, Matej"]
[Result "1/2-1/2"]
[WhiteElo "2140"]
[BlackElo "2220"]

1.e4 c5 2.Nc3 e6 3.Nf3 Nc6 4.d4 cxd4 5.Nxd4 Qc7 6.g3 a6 7.Bg2 Nf6 8.O-O Be7
9.Re1 d6 10.Kh1 O-O 11.f4 Bd7 12.Nb3 Rad8 13.a4 b6 14.Be3 Nb4 15.Bg1 Bc6
16.Nd4 Bb7 17.Qd2 d5 18.e5 Ne4 19.Nxe4 dxe4 20.Bxe4 Bxe4+ 21.Rxe4 Bc5 22.c3 Bxd4
23.Rxd4 Rxd4 24.Bxd4 Qc6+ 25.Qg2 Nd5 26.Kg1 Rc8 27.Qe2 b5 28.axb5 axb5 29.Ra5 b4
30.Qa6 Qxa6 31.Rxa6 bxc3 32.bxc3 h6 33.Ra3 Ne7 34.Kf2 Nf5 35.Bb6 Rc6 36.Rb3 h5
37.Ba5 Kh7 38.Rb7 Kg6 39.Rc7 Ra6 40.Rc5 Ne7 41.c4 Nc6 42.Bd2 Ra2 43.Ke3 Nd4
44.Rc8 Nb3 45.Bb4 Rxh2 46.c5 Rg2 47.c6 Rxg3+ 48.Ke4 Rg2 49.c7 Rc2 50.f5+ exf5+
51.Kd5 f4 52.Kd6 f3 53.Be1 Nc5 54.Rb8 Ne4+ 55.Kd5 f2 56.Bxf2 Nxf2 57.c8=Q Rxc8
58.Rxc8 h4 59.Rh8 h3 60.e6 fxe6+ 61.Kxe6 Kg5 62.Kf7 g6 63.Kg7 Kf5 64.Rf8+ Kg4
65.Rxf2 g5 66.Kf6 Kg3 67.Rb2 h2 68.Rxh2 Kxh2 69.Kxg5  1/2-1/2

[Event "Forli op"]
[Site "Forli"]
[Date "1992.??.??"]
[Round "3"]
[White "Tiviakov, Sergei"]
[Black "Drei, Andrea"]
[Result "1-0"]
[WhiteElo "2585"]
[BlackElo "2280"]

1.e4 c5 2.Nf3 e6 3.d4 cxd4 4.Nxd4 Nc6 5.Nc3 Qc7 6.g3 a6 7.Bg2 Nf6 8.O-O Nxd4
9.Qxd4 Bc5 10.Bf4 d6 11.Qd2 h6 12.Rad1 e5 13.Be3 Ke7 14.f4 Bg4 15.fxe5 dxe5
16.Rxf6 Rad8 17.Rxf7+ Kxf7 18.Qf2+ Kg6 19.Bxc5 Rxd1+ 20.Nxd1 Rc8 21.b4 b6
22.Ne3 bxc5 23.Nxg4 Kh7 24.Qf5+ Kh8 25.Nxe5  1-0

[Event "FRA-chT"]
[Site "?"]
[Date "1992.??.??"]
[Round "?"]
[White "Degraeve, Jean Marc"]
[Black "Szabolcsi, Janos"]
[Result "0-1"]
[WhiteElo "2470"]
[BlackElo "2375"]

1.e4 c5 2.Nf3 e6 3.d4 cxd4 4.Nxd4 Nc6 5.Nc3 Qc7 6.g3 a6 7.Bg2 Be7 8.O-O Nf6
9.Nxc6 bxc6 10.Re1 e5 11.Na4 d6 12.c4 Be6 13.b3 O-O 14.Bb2 Nd7 15.Qd2 Rfd8
16.Qc3 f6 17.f4 a5 18.Kh1 Bf7 19.Qe3 Rab8 20.Bc3 Bf8 21.Rf1 Ra8 22.Rad1 Re8
23.Qf2 Bg6 24.Rfe1 Qb7 25.Bf3 Bf7 26.Rd2 Reb8 27.Red1 Re8 28.Bb2 Nb8 29.Nc3 Na6
30.fxe5 fxe5 31.Ba3 Nb4 32.c5 d5 33.exd5 cxd5 34.Bxb4 e4 35.Ba3 e3 36.Qe2 exd2
37.Qxd2 Rad8 38.Qd4 Kh8 39.Bb2 Qb4 40.Na4 Re1+ 41.Rxe1 Qxe1+ 42.Kg2 Re8 43.Qf2 Qxf2+
44.Kxf2 Rc8 45.Ke1 Bxc5 46.Nxc5 Rxc5 47.Kd2 Bg6 48.Bd1 Kg8 49.Bd4 Rc8 50.Bb6 Ra8
51.Ke3 Ra6 52.Bc5 Be4 53.a4 Kf7 54.Be2 Rc6 55.Kd4 g5 56.h4 gxh4 57.gxh4 Rh6
58.h5 Bc2 59.b4 axb4 60.a5 b3 61.Ba3 Re6 62.Bb5 Re1 63.Kc3 Ra1 64.Kb4 Ra2
65.Ba4 Bd1 66.Bxb3 Bxb3 67.Kxb3 Rg2 68.a6 Ke6 69.Kb4 Kd6 70.a7 Rg8 71.Bb2 Kc6
72.Bd4 Kb7 73.Kc5 Rg5  0-1

[Event "Peer Gynt"]
[Site "Gausdal"]
[Date "1992.??.??"]
[Round "1"]
[White "Mastoras, Ilias"]
[Black "Gipslis, Aivars"]
[Result "0-1"]
[WhiteElo "2300"]
[BlackElo "2465"]

1.e4 c5 2.Nc3 e6 3.Nge2 Nc6 4.d4 cxd4 5.Nxd4 d6 6.g3 Bd7 7.Bg2 Nf6 8.O-O a6
9.Nce2 Rc8 10.c4 Nxd4 11.Qxd4 e5 12.Qd3 Qc7 13.b3 b5 14.cxb5 Bxb5 15.Qe3 Be7
16.Bd2 O-O 17.Rfc1 Qb7 18.Ba5 Bc6 19.Nc3 d5 20.exd5 Nxd5 21.Nxd5 Bxd5 22.Bh3 Rxc1+
23.Rxc1 Qb5 24.Bc7 Ba3 25.Rd1 Ba8 26.Rd7 Qc6 27.Kf1 Bc5 28.Qc3 Qh1+ 29.Ke2 Bd4
30.Qe1 Bf3+  0-1

[Event "Gausdal Int"]
[Site "Gausdal"]
[Date "1992.??.??"]
[Round "1"]
[White "Mastoras, Ilias"]
[Black "Jansa, Vlastimil"]
[Result "0-1"]
[WhiteElo "2300"]
[BlackElo "2455"]

1.e4 c5 2.Nc3 Nc6 3.Nge2 e6 4.d4 cxd4 5.Nxd4 a6 6.g3 d6 7.Bg2 Qc7 8.O-O Nf6
9.Qd2 Be7 10.b3 O-O 11.Nce2 Nxd4 12.Nxd4 e5 13.Ne2 b5 14.Bb2 Bb7 15.Nc3 Rac8
16.Rac1 Qb8 17.f4 Rfe8 18.Nd5 Bxd5 19.exd5 exf4 20.Rxf4 Bd8 21.Rcf1 Bb6+
22.Kh1 Be3 23.Qd1 Bxf4 24.Rxf4 Re5 25.Bxe5 dxe5 26.Rxf6 gxf6 27.Qf3 Rxc2
28.Qxf6 Rc1+ 29.Bf1 h6 30.Kg2 Rc2+ 31.Kf3 Qa7 32.Qxh6 Rf2+  0-1

[Event "Troll Masters"]
[Site "Gausdal"]
[Date "1992.??.??"]
[Round "3"]
[White "Kuzmin, Gennadi P"]
[Black "Stone, Raymond"]
[Result "1/2-1/2"]
[WhiteElo "2535"]
[BlackElo "2355"]

1.e4 c5 2.Nf3 Nc6 3.d4 cxd4 4.Nxd4 e6 5.Nc3 Qc7 6.g3 d6 7.Bg2 a6 8.O-O Bd7
9.Nxc6 Bxc6 10.Re1 Be7 11.Ne2 Nf6 12.Nd4 Bd7 13.b3 O-O 14.c4 Rfd8 15.Bb2 Be8
16.Kh1 Rac8 17.g4 Nd7 18.f4 e5 19.Nf5 Nc5 20.g5 Ne6 21.Rf1 Bf8 22.Rc1 Qb8
23.Qh5 Nxf4 24.Rxf4 exf4 25.Bf6 Rc5 26.Rc3 Rxf5 27.exf5 gxf6 28.Bd5 Bg7 29.Rh3 Kf8
30.Qh4 fxg5 31.Qxg5 f6 32.Qxf4 Bc6 33.Rxh7 Bxd5+ 34.cxd5 Qc7 35.Qh6 Bxh6
36.Rxc7 b6 37.Kg2 Be3 38.Kf3 Re8 39.h4 Bd4 40.h5 Re7 41.Rc4 Be5 42.h6 Kg8
43.Kg4 Kh7 44.Kh5 Rb7 45.Rc6 a5 46.a4 Bh2 47.Rc8 Rd7 48.Rb8 Bg1 49.Re8 Bh2
50.Rb8 Bf4 51.Rxb6 Bxh6 52.b4 axb4 53.Rxb4 Ra7 54.Rb6 Bf4 55.a5 Rxa5 56.Rb7+ Kg8
57.Kg6 Ra8 58.Rg7+ Kf8 59.Rh7 Ra1 60.Kxf6 Be5+ 61.Ke6  1/2-1/2

[Event "Gausdal Int"]
[Site "Gausdal"]
[Date "1992.??.??"]
[Round "3"]
[White "Nielsen, Peter Heine"]
[Black "Taimanov, Mark E"]
[Result "1-0"]
[WhiteElo "2405"]
[BlackElo "2505"]

1.e4 c5 2.Nf3 e6 3.d4 cxd4 4.Nxd4 Nc6 5.Nc3 a6 6.f4 Nge7 7.Nf3 b5 8.Bd3 d6
9.O-O g6 10.e5 d5 11.Kh1 Bg7 12.Bd2 O-O 13.a4 b4 14.Ne2 f6 15.exf6 Bxf6 16.c3 bxc3
17.bxc3 Nf5 18.Rb1 Qc7 19.Bxf5 exf5 20.Be3 Re8 21.Bd4 Nxd4 22.cxd4 Bd7 23.Ne5 Bxe5
24.dxe5 Qa5 25.Nd4 Bxa4 26.Ra1 Bxd1 27.Rxa5 Bh5 28.Rfa1 Rec8 29.h3 Rc4 30.Rxd5 a5
31.e6 a4 32.Nb5 Re4 33.Nc7 Ra7 34.Rd7 Rxe6 35.Rd8+ Kf7 36.Nxe6 Kxe6 37.Ra3 g5
38.fxg5 Ke5 39.Kg1 f4 40.Rb8 Bd1 41.Rb5+ Ke4 42.h4 Rc7 43.Kh2 Bb3 44.Ra1 Kd3
45.Rf1 Rf7 46.Rb6 Ke2 47.Rf3 Kd2 48.Rbxb3 axb3 49.Rxb3 Re7 50.Rf3 Re4 51.Kh3  1-0

[Event "Troll Masters"]
[Site "Gausdal"]
[Date "1992.??.??"]
[Round "5"]
[White "Hansen, Soren Bech"]
[Black "Khenkin, Igor"]
[Result "1/2-1/2"]
[WhiteElo "2245"]
[BlackElo "2530"]

1.e4 c5 2.Nf3 e6 3.Nc3 Nc6 4.d4 cxd4 5.Nxd4 Nf6 6.Ndb5 Bb4 7.a3 Bxc3+ 8.Nxc3 d5
9.exd5 exd5 10.Bd3 O-O 11.O-O d4 12.Ne2 Qd5 13.Bf4 Bf5 14.Ng3 Bg6 15.Qd2 Rfe8
16.Rfe1 a5 17.Rad1 a4 18.f3 Qa2 19.Bxg6 hxg6 20.Qc1 Nd5 21.Ne2 Re6 22.Bd2 Rae8
23.Ng3 Qc4 24.Ne4 Kf8 25.Kf2 f5 26.Ng3 Ne3 27.Bxe3 dxe3+ 28.Kg1 e2 29.Rd7 Qc5+
30.Kh1 Qf2 31.Qd2 f4 32.Qxf4+ Rf6 33.Qd2 Ne5 34.Rd8 Qxe1+ 35.Qxe1 Rxd8 36.Qxe2 Nf7
37.h3 Rb6 38.c3 Rd5 39.c4 Rd4 40.Kh2 Rc6 41.c5  1/2-1/2

[Event "Troll Masters"]
[Site "Gausdal"]
[Date "1992.??.??"]
[Round "8"]
[White "Hansen, Soren Bech"]
[Black "Stone, Raymond"]
[Result "0-1"]
[WhiteElo "2245"]
[BlackElo "2355"]

1.e4 c5 2.Nf3 Nc6 3.d4 cxd4 4.Nxd4 e6 5.Nc3 Qc7 6.g3 d6 7.Bg2 a6 8.O-O Bd7
9.Nde2 Nf6 10.b3 Be7 11.Bb2 O-O 12.Qd2 Rfd8 13.Rfe1 Be8 14.Nf4 Rac8 15.a3 Ne5
16.Qe2 b5 17.Rac1 Qb8 18.Nb1 Bc6 19.Nd2 Re8 20.Nd3 Ba8 21.h3 Ned7 22.Kh2 Nc5
23.f4 Nfd7 24.Rf1 Bf6 25.Nxc5 Rxc5 26.e5 dxe5 27.Bxa8 Qxa8 28.Ne4 Rc7 29.fxe5 Be7
30.Nd6 Rf8 31.Rf2 Qc6 32.Rd1 Nc5 33.Qh5 Ne4 34.Re2 Nxd6 35.exd6 Bxd6 36.Qg4 f5
37.Qg5 h6 38.Qe3 e5 39.Rxd6 Qxd6 40.Bxe5 Qc6 41.Bxc7 Qxc7 42.Qe6+ Kh7 43.Rf2 Qc5
44.Kg2 Rf6 45.Qd7 Qxa3 46.Rxf5 Rd6 47.Qf7 Qb4 48.Rf2 Qc5 49.Qf3 Qc6 50.c3 a5
51.Qxc6 Rxc6 52.Rc2 Kg6 53.Kf3 Kf5 54.Ke3 Ke5 55.Kd3 Rd6+ 56.Ke3 a4 57.bxa4 bxa4
58.Ra2 Ra6 59.c4 a3 60.Kd3 Kd6 61.Kd4 Kc6 62.g4 g5 63.Kc3 Kc5 64.Rf2 Ra8
65.Rf5+ Kd6 66.Rf6+ Ke5 67.Rf1 a2 68.Kb2 Kd4 69.Ka1 Ra3 70.Rc1 Kc5 71.Rh1 Kxc4
72.h4 Kd4 73.hxg5 hxg5 74.Rh5 Ra5 75.Rh8 Ke3 76.Rf8 Ra4 77.Rf5 Rxg4 78.Kxa2 Rg2+
79.Kb1 g4 80.Kc1 Rf2 81.Re5+ Kf4 82.Re8 g3 83.Rf8+ Ke5 84.Re8+ Kd6 85.Kd1 g2  0-1